ঢাকাই সরা (Record no. 34692)
[ view plain ]
| 000 -LEADER | |
|---|---|
| fixed length control field | 00932nam a22002177a 4500 |
| 003 - CONTROL NUMBER IDENTIFIER | |
| control field | BDDh-ASL |
| 005 - DATE AND TIME OF LATEST TRANSACTION | |
| control field | 20260202125500.0 |
| 008 - FIXED-LENGTH DATA ELEMENTS--GENERAL INFORMATION | |
| fixed length control field | 260201s bg ||||| |||| 00| 0 ben d |
| 040 ## - CATALOGING SOURCE | |
| Transcribing agency | BDDh-ASL |
| 041 ## - LANGUAGE CODE | |
| Language code of text/sound track or separate title | ben |
| 082 ## - DEWEY DECIMAL CLASSIFICATION NUMBER | |
| Classification number | 954.922 |
| Item number | SUD |
| 100 1# - MAIN ENTRY--PERSONAL NAME | |
| Personal name | সুলতান, আমিনুর রহমান |
| 9 (RLIN) | 7558 |
| 245 ## - TITLE STATEMENT | |
| Title | ঢাকাই সরা |
| Statement of responsibility, etc. | আমিনুর রহমান সুলতান। |
| 246 ## - VARYING FORM OF TITLE | |
| Title proper/short title | Dhakai Sora By Aminur Rahman Sultan |
| 260 ## - PUBLICATION, DISTRIBUTION, ETC. | |
| Place of publication, distribution, etc. | ঢাকা: |
| Name of publisher, distributor, etc. | নবান্ন প্রকাশনী, |
| Date of publication, distribution, etc. | ২০২৪। |
| 300 ## - PHYSICAL DESCRIPTION | |
| Extent | ৪৮ পৃষ্ঠা: |
| Other physical details | রঙ্গিন ছবি; |
| Dimensions | ২২ সে.মি. |
| 504 ## - BIBLIOGRAPHY, ETC. NOTE | |
| Bibliography, etc. note | গ্রন্থপঞ্জি সম্বলিত। |
| 650 #0 - SUBJECT ADDED ENTRY--TOPICAL TERM | |
| Topical term or geographic name entry element | History of Dhaka (ঢাকার ইতিহাস) |
| 9 (RLIN) | 6126 |
| 650 #0 - SUBJECT ADDED ENTRY--TOPICAL TERM | |
| Topical term or geographic name entry element | পুরানো ঢাকা |
| General subdivision | ঢাকার সংস্কৃতি |
| 9 (RLIN) | 1045 |
| 942 ## - ADDED ENTRY ELEMENTS (KOHA) | |
| Source of classification or shelving scheme | Dewey Decimal Classification |
| Koha item type | Books |
| Withdrawn status | Lost status | Source of classification or shelving scheme | Damaged status | Not for loan | Collection code | Home library | Current library | Shelving location | Date acquired | Total Checkouts | Full call number | Barcode | Date last seen | Copy number | Price effective from | Koha item type | Public note |
|---|---|---|---|---|---|---|---|---|---|---|---|---|---|---|---|---|---|
| Dewey Decimal Classification | Non-fiction | Asiatic Society Library | Asiatic Society Library | Dhaka Collection | 02/01/2026 | 954.922 SUD | 125997 | 02/01/2026 | C-1 | 02/01/2026 | Books | Y-2024 |